|
|
|
|
| LEADER |
00000naa2a2200000 4500 |
| 001 |
175711 |
| 005 |
20231031165137.0 |
| 035 |
|
|
|a (RuTPU)RU\TPU\book\190505
|
| 035 |
|
|
|a RU\TPU\tpu\1956
|
| 090 |
|
|
|a 175711
|
| 100 |
|
|
|a 20100216d1967 k y0rusy50 ca
|
| 101 |
0 |
|
|a rus
|
| 102 |
|
|
|a RU
|
| 200 |
1 |
|
|a К методике исследования закономерностей искривления скважин
|f В. С. Арбит
|
| 463 |
|
0 |
|0 (RuTPU)RU\TPU\book\114268
|t Качество и экономическая эффективность буровых работ
|o Материалы межвузовского совещания Сибири и Казахстана при Томском политехническом институте, 1966 г.
|f Томский политехнический институт; под ред. В. М. Матросова
|v С. 14-18
|d 1967
|p 84 с.
|
| 610 |
1 |
|
|a геолого-географические науки
|
| 610 |
1 |
|
|a труды учёных ТПУ
|
| 700 |
|
1 |
|a Арбит
|b В. С.
|
| 801 |
|
0 |
|a RU
|b 63413507
|c 20011210
|g PSBO
|
| 801 |
|
2 |
|a RU
|b 63413507
|c 20100216
|g PSBO
|
| 942 |
|
|
|c BK
|